000 01828nam a2200325 i 4500
001 16727
003 ES-MaACL
005 20250903025257.0
007 t|
008 001027s2000 sp a |||| |cspa d
020 _a84-207-1248-5
080 _a929(460.27):51
080 _a51(091)
245 0 0 _aMatemáticos madrileños /
_cMaría del Carmen Escribano Ródenas (coord.).
260 _aMadrid :
_bGrupo Anaya,
_c2000.
300 _a255 p. :
_bil. ;
_c23 cm.
504 _aReferencias bibliográficas.
505 8 _aContiene: Matemáticos a la madrileña (prólogo algo subversivo) / por José Javier Etayo Miqueo . El matemático y astrónomo andalusí Maslama "el Madrileño" / por Mª del Carmen Escribano Ródenas . Matemáticas y academias en el Madrid de los Austrias / por Mariano Esteban Piñeiro . Caramuel y la revolución en las matemáticas del siglo XVII / por Santiago Garma Pons . El final de las matemáticas del siglo XIX: Echegaray / por Santiago Garma Pons . La matemática madrileña en el panorama español de 1800 a 1936 / por F. Javier Peralta Coronado . Miguel Vegas, la pasión por la geometría / por José Manuel Vegas Montaner
505 8 _aCon información sobre el Ateneo de Madrid y la Asociación Española para el Progreso de las Ciencias
610 2 4 _aAteneo de Madrid.
_91875
610 2 4 _aAsociación Española para el Progreso de las Ciencias.
_91705
650 4 _aMatemáticos-
_zMadrid-
_xBiografías
_914841
650 4 _aMatemáticas-
_zEspaña-
_vHistoria
_914823
700 1 _aEscribano Ródenas, María del Carmen.
_947641
700 1 _aEsteban Piñeiro, M.
_948068
700 1 _aGarma, Santiago
_955574
852 _aES-MaACL
_jL-23859
_z- Dedicatoria autógrafa de Santiago Garma
_z- Donat. de Santiago Garma
942 _2udc
999 _c16727
_d16727